Gaming Quiz

Random Gaming or Pokémon Quiz

To be or not to be (a Pokémon)? Quiz Stats

 Plays Quiz not verified by Sporcle

Score 0/175 Timer 15:00
0 Plays Today
% Correct
Scizor
84.1%
Articuno
82.9%
Gyarados
82.4%
Flygon
82.4%
Shaymin
82.4%
Talonflame
82.4%
Alakazam
81.8%
Moltres
81.8%
Tentacruel
81.8%
Venomoth
81.8%
Ampharos
81.8%
Porygon2
81.8%
Kyogre
81.8%
Luxray
81.8%
Beedrill
81.2%
Gastly
81.2%
Tangela
81.2%
Crobat
81.2%
Typhlosion
81.2%
Groudon
81.2%
Manectric
81.2%
Minun
81.2%
Rayquaza
81.2%
Dialga
81.2%
Giratina
81.2%
Volcanion
81.2%
Aerodactyl
80.6%
Cloyster
80.6%
Golem
80.6%
Haunter
80.6%
Mew
80.6%
Celebi
80.6%
Lugia
80.6%
Meganium
80.6%
Absol
80.6%
Regirock
80.6%
Cresselia
80.6%
Darkrai
80.6%
Gloom
80%
Slowpoke
80%
Ho-Oh
80%
Deoxys
80%
Latias
80%
Latios
80%
Registeel
80%
Mesprit
80%
Palkia
80%
Helioptile
80%
Electrode
79.4%
Jynx
79.4%
Koffing
79.4%
Mewtwo
79.4%
Ninetales
79.4%
Entei
79.4%
Raikou
79.4%
Steelix
79.4%
Suicune
79.4%
Zigzagoon
79.4%
Azelf
79.4%
% Correct
Manaphy
79.4%
Klinklang
79.4%
Reshiram
79.4%
Zekrom
79.4%
Frogadier
79.4%
Zygarde
79.4%
Mimikyu
79.4%
Hypno
78.8%
Bayleef
78.8%
Chinchou
78.8%
Lanturn
78.8%
Misdreavus
78.8%
Spinarak
78.8%
Exploud
78.8%
Glalie
78.8%
Sableye
78.8%
Ambipom
78.8%
Weavile
78.8%
Genesect
78.8%
Sawk
78.8%
Xerneas
78.8%
Yveltal
78.8%
Zapdos
78.2%
Elekid
78.2%
Feraligatr
78.2%
Skarmory
78.2%
Aggron
78.2%
Beldum
78.2%
Plusle
78.2%
Swalot
78.2%
Arceus
78.2%
Electivire
78.2%
Uxie
78.2%
Kyurem
78.2%
Meloetta
78.2%
Noivern
78.2%
Farfetch'd
77.6%
Camerupt
77.6%
Gardevoir
77.6%
Heatran
77.6%
Magmortar
77.6%
Magnezone
77.6%
Regigigas
77.6%
Spiritomb
77.6%
Braviary
77.6%
Gigalith
77.6%
Keldeo
77.6%
Victini
77.6%
Diancie
77.6%
Lunala
77.6%
Solgaleo
77.6%
Parasect
77.1%
Bronzong
77.1%
Phione
77.1%
Haxorus
77.1%
Forretress
76.5%
Octillery
76.5%
Jirachi
76.5%
Mismagius
76.5%
% Correct
Unown
75.9%
Regice
75.9%
Sigilyph
75.9%
Doublade
75.9%
Tyrantrum
75.9%
Carnivine
75.3%
Fraxure
75.3%
Hydreigon
75.3%
Aegislash
75.3%
Barbaracle
75.3%
Hoopa
75.3%
Klefki
75.3%
Malamar
75.3%
Cosmog
75.3%
Wishiwashi
75.3%
Throh
74.7%
Elgyem
74.1%
Galvantula
74.1%
Aurorus
74.1%
Meowstic
74.1%
Pumpkaboo
74.1%
Zweilous
73.5%
Carbink
73.5%
Gourgeist
73.5%
Salazzle
73.5%
Charjabug
72.9%
Cosmoem
72.9%
Ledian
72.4%
Lumineon
72.4%
Scatterbug
72.4%
Crabrawler
72.4%
Vikavolt
71.2%
Castform
70.6%
Dragalge
70.6%
Magearna
70.6%
Cryogonal
70%
Clawitzer
70%
Silvally
70%
Eelektrik
69.4%
Reuniclus
69.4%
Necrozma
69.4%
Duosion
68.8%
Tynamo
68.8%
Solosis
67.6%
Toxapex
67.6%
Clauncher
67.1%
Buzzwole
67.1%
Nihilego
67.1%
Turtonator
66.5%
Xurkitree
65.3%
Araquanid
64.1%
Celesteela
63.5%
Guzzlord
63.5%
Kartana
63.5%
Mareanie
61.2%
Pheromosa
58.2%
Shiinotic
55.3%

You're not logged in!

Compare scores with friends on all Sporcle quizzes.
OR
Log In

You Might Also Like...

Show Comments

Extras

Top Quizzes Today


Score Distribution

Your Account Isn't Verified!

In order to create a playlist on Sporcle, you need to verify the email address you used during registration. Go to your Sporcle Settings to finish the process.

Report this User

Report this user for behavior that violates our Community Guidelines.

Details: